000 00682nas a2200229 4500
001 BR9603683
003 BR-BrBNA
005 20231205095309.0
007 ta
008 230509b bl.|||p| |||| 00| 00por d
040 _aBR-BrBNA
_bpor
_cBiblioteca Nacional de Agricultura
041 _a(Pt)
072 _aL53
100 1 _aNogueira Neto, P.
245 1 _aNovas ideias sobre a determinacao de sexo e de castas nas abelhas indigenas sem ferrao
650 _aAbelha
650 _aSexo
650 _aFerrao
773 0 _tRevista Brasileira de Apicultura (Brazil)
_x
_g(Nov-Dec 1990), v. 1(2) p. 9
_wBR9603683
909 _a202311
_bLúcia
_c55
_dLúcia Elande
942 _2AGRIS
_n0
_cANA
999 _c149892
_d149892